000 00524nam a2200217Ia 4500
003 OSt
005 20220928135424.0
006 a|||||r|||| 00| 0
007 ta
008 220927b |||||||| |||| 00| 0 eng d
024 _a2057
037 _cTextual
040 _aSDCL
_cSDCL
_beng
041 _2eng
_aeng
082 _aX:51:f, M4
100 _aWeiers Ronald M
_9490541
245 0 _aMarketing research
260 _c1984
942 _hX:51:f, M4
_cTEXL
_2CC
999 _c805868
_d805868